| 000 | 00649nam a2200193Ii 4500 | ||
|---|---|---|---|
| 003 | JO-AjNU | ||
| 008 | 230606s9999||||xx |||||||||||||| ||und|| | ||
| 040 |
_aJO-AjNU _beng _erda _cJO-AjNU |
||
| 041 | _aeng | ||
| 050 | 1 | 4 | _aLB1027.5 2009 |
| 100 | 3 |
_aSiddiqui,Mujibul Hasan, _eauthor _9377 |
|
| 245 | 0 | 0 | _aGuidance and Counselling |
| 264 | 3 | 1 | _aNew Delhi:Publishing Corporation,2009 |
| 300 | _a256P | ||
| 336 |
_atext _btxt _2rdacontent |
||
| 337 |
_aunmediated _bn _2rdamedia |
||
| 338 |
_avolume _bnc _2rdacarrier |
||
| 650 | 4 |
_aEducational counselling. Counselors-Professional relationships. Educational counselling-India. Student conselors _9378 |
|
| 999 |
_aE200 _c200 _d200 |
||